Ciudades y edificios: descritos con dibujos y palabras

Uloženo v:
Podrobná bibliografie
Hlavní autor: Rasmussen, Steen Eiler (Autor)
Médium: Kniha
Jazyk:španělština
Vydáno: Barcelona Reverté 2014
Vydání:1a. ed
Edice:Documentos de Composición Arquitectónica, 3
Témata:
Tagy: Přidat tag
Žádné tagy, Buďte první, kdo vytvoří štítek k tomuto záznamu!

MARC

LEADER 00000cam a2200000 a 4500
001 UCC2457
003 CL-VaPUC
008 180302e20140000sp |||||||||||||||||spa|d
020 |a 9788429123036 
082 0 4 |a 711  |b RAS  |2 21 
100 0 |a Rasmussen, Steen Eiler  |e author  |9 596556 
245 1 0 |a Ciudades y edificios: descritos con dibujos y palabras 
250 |a 1a. ed 
300 |a 271 p 
942 |c BK 
945 |d 20180302 15:02:00  |a dcastane 
260 |a Barcelona  |b Reverté  |c 2014 
650 0 |a Urbanismo  |9 255208 
650 0 |a Ciudades  |9 265474 
650 0 |a Edificios históricos   |9 266858 
650 0 |a Filosofía de la arquitectura  |9 267382 
583 |a last modification  |c 20180302 15:02:00  |k Rodrigo Vera 
490 0 |a Documentos de Composición Arquitectónica, 3 
999 |c 370583  |d 370581 
952 |0 0  |1 0  |3 erb  |4 0  |6 711_000000000000000_RAS_2014  |7 0  |8 A  |9 487121  |a BIBARQ  |b BIBARQ  |i 545235K  |l 3  |o 711 RAS 2014  |p 545235K  |r 2025-01-20  |s 2022-06-22  |w 2019-11-24  |y BK  |z Catalogado en:20180302  |k ARQ